Countries With 'K' Quiz Stats

 Plays Quiz Updated Feb 20, 2018

Score 0/20 Timer 05:00
2 Plays Today
Country % Correct
Kazakhstan
84.9%
Kenya
75.6%
United Kingdom
75.1%
South Korea
70.5%
North Korea
70.5%
Turkey
69.7%
Kyrgyzstan
69.3%
Pakistan
69%
Turkmenistan
67.8%
Uzbekistan
66.3%
Country % Correct
Kuwait
63.2%
Tajikistan
61.2%
Ukraine
59.7%
Kosovo
59.2%
Kiribati
56.2%
Denmark
54.5%
Slovakia
53.3%
St. Kitts and Nevis
52.8%
Sri Lanka
40.2%
Burkina Faso
38.6%

You're not logged in!

Compare scores with friends on all Sporcle quizzes.
OR
Log In

Sporcle TV

Today on Sporcle TV


Watch our educational content, quiz creation guides, and fun videos on Sporcle TV.

Show Comments

Extras

Top Quizzes Today


Score Distribution

Your Account Isn't Verified!

In order to create a playlist on Sporcle, you need to verify the email address you used during registration. Go to your Sporcle Settings to finish the process.

Report this User

Report this user for behavior that violates our Community Guidelines.

Details: